000 01152nas a2200337 4500
001 BR2016000574
003 BR-BrBNA
005 20231205130102.0
007 ta
008 230509b bl.|||p| |||| 00| 00por d
040 _aBR-BrBNA
_bpor
_cBiblioteca Nacional de Agricultura
041 _a(Pt)
072 _aJ13
100 1 _aNazareno, A.C.
100 1 _aSilva, I.J.O. da
100 1 _aVieira, A.M.C.
100 1 _aVieira, F.M.C.
245 1 _aMicroclima, idades das matrizes e tempos de estocagem influenciam na perda de água dos ovos no transporte?
246 1 _aMicroclimate, ages of breeders and storage times influence on water loss of eggs on transpotation?
650 _aAVICULTURA
650 _aOVO
650 _aTRANSPORTE
650 _aESTOCAGEM
650 _aARMAZENAMENTO DE ALIMENTO
650 _aPERDA DA PRODUCAO
650 _aCONDICAO AMBIENTAL
773 0 _tEngenharia Agrícola (Brazil)
_xISSN 1809-4430
_g(Jul-Aug 2015), v. 35(4) p. 635-645
_wBR2016000574
856 4 0 _uhttp://www.scielo.br/pdf/eagri/v35n4/1809-4430-eagri-35-4-0635.pdf
909 _a202311
_bLúcia
_c55
_dLúcia Elande
942 _2AGRIS
_n0
_cANA
999 _c247821
_d247821